[Event "EU-Cup 28th"]
[Site "Eilat"]
[Date "2012.10.15"]
[Round "5.6"]
[White "Chernomordik, Pavel"]
[Black "Kovacevic, Vladimir"]
[Result "1/2-1/2"]
[WhiteElo "2274"]
[BlackElo "2210"]
[PlyCount "81"]
[EventDate "2012.10.11"]
[EventType "team-swiss"]
[EventRounds "7"]
[EventCountry "ISR"]
[SourceTitle "CBM 151"]
[Source "ChessBase"]
[SourceDate "2012.11.13"]
[SourceVersion "1"]
[SourceVersionDate "2012.11.13"]
[SourceQuality "1"]
[WhiteTeam "Petah Tikva"]
[BlackTeam "Geneve"]
[WhiteTeamCountry "ISR"]
[BlackTeamCountry "SUI"]

1. e4 e6 2. Nc3 d5 3. d4 Bb4 4. Nge2 dxe4 5. a3 Be7 6. Nxe4 Nf6 7. Qd3 0-0 8. N2g3 Nc6 9. Nxf6+ Bxf6 10. c3 a5 11. Be2 a4 12. f4 Na5 13. Be3 b6 14. Qc2 Bb7 15. 0-0 Nb3 16. Rad1 g6 17. Ne4 Bg7 18. Nd2 Bd5 19. Nf3 Qe8 20. Ne5 f6 21. Nd3 b5 22. Nb4 Na5 23. Rde1 c6 24. Bc1 Qd7 25. Bf3 Rfe8 26. Bg4 Bb3 27. Qb1 Bc4 28. Rf2 Bf8 29. Be3 Kg7 30. Qd1 Bb3 31. Qf3 f5 32. Bh3 Bxb4 33. axb4 Bd5 34. Qe2 Nc4 35. Bc1 Be4 36. g3 Qd5 37. Bf1 Kf7 38. Qd1 Nb6 39. Re3 Qb3 40. Qe1 Qd5 41. Qd1 1/2-1/2

[Event "Geneve op 24th"]
[Site "Geneve"]
[Date "2008.01.23"]
[Round "5"]
[White "Kovacevic, Vladimir"]
[Black "Cornette, Matthieu"]
[Result "1-0"]
[WhiteElo "2268"]
[BlackElo "2491"]
[PlyCount "123"]
[EventDate "2008.01.19"]
[EventType "swiss"]
[EventRounds "9"]
[EventCountry "SUI"]
[SourceTitle "CBM 122 Extra"]
[Source "ChessBase"]
[SourceDate "2008.03.04"]
[SourceVersion "1"]
[SourceVersionDate "2008.03.04"]
[SourceQuality "1"]

1. d4 Nf6 2. Bg5 g6 3. Bxf6 exf6 4. g3 d5 5. Bg2 c6 6. Nd2 Qb6 7. Nb3 a5 8. a4 Bb4+ 9. c3 Bd6 10. Bh3 Bxh3 11. Nxh3 h5 12. Qc2 Nd7 13. Nf4 h4 14. 0-0-0 f5 15. Nd3 Nf6 16. Kb1 0-0-0 17. c4 dxc4 18. Qxc4 Nd5 19. Rc1 Qc7 20. e3 Rh7 21. Rhd1 hxg3 22. hxg3 Rh2 23. Re1 Nf6 24. Rc2 Rdh8 25. Qc3 Ne4 26. Qxa5 Qxa5 27. Nxa5 Nxf2 28. Nxf2 Bb4 29. Rec1 Bxa5 30. d5 Bb6 31. dxc6 Bxe3 32. cxb7+ Kxb7 33. Rf1 Bd4 34. Nd3 Rxc2 35. Kxc2 Rh2+ 36. Kb3 Rg2 37. Kc4 Bf6 38. b4 Rxg3 39. Nc5+ Kc7 40. Rd1 Rg4+ 41. Kb5 Bd4 42. Na6+ Kd6 43. a5 Kd5 44. Nc5 Ke5 45. a6 Bxc5 46. Kxc5 Rg2 47. Re1+ Kf4 48. b5 Rc2+ 49. Kd6 Ra2 50. Re7 g5 51. a7 g4 52. b6 g3 53. Rxf7 g2 54. Rg7 Kf3 55. Rg8 Ra6 56. Ke5 Ra5+ 57. Kf6 Ra6 58. Kxf5 Kf2 59. b7 Ra5+ 60. Ke6 g1Q 61. Rxg1 Rxa7 62. Rb1 1-0

[Event "Geneve op 24th"]
[Site "Geneve"]
[Date "2008.01.21"]
[Round "3"]
[White "Kovacevic, Vladimir"]
[Black "Daverio, Edoardo"]
[Result "1-0"]
[WhiteElo "2268"]
[BlackElo "2055"]
[PlyCount "77"]
[EventDate "2008.01.19"]
[EventType "swiss"]
[EventRounds "9"]
[EventCountry "SUI"]
[SourceTitle "CBM 122 Extra"]
[Source "ChessBase"]
[SourceDate "2008.03.04"]
[SourceVersion "1"]
[SourceVersionDate "2008.03.04"]
[SourceQuality "1"]

1. e4 c5 2. Nf3 e6 3. c3 Nc6 4. Bb5 a6 5. Bxc6 bxc6 6. e5 d5 7. d3 Ne7 8. h4 h5 9. Qa4 Nf5 10. 0-0 Be7 11. Bg5 Bd7 12. Bxe7 Qxe7 13. g3 0-0 14. Nbd2 Rfb8 15. Rab1 Rb6 16. Qf4 Rab8 17. b3 a5 18. Kg2 Ra8 19. Rh1 a4 20. Ng5 axb3 21. axb3 Ra2 22. Rhd1 f6 23. Ngf3 Be8 24. Ra1 Rba6 25. Rxa2 Rxa2 26. Re1 Bg6 27. exf6 gxf6 28. Qb8+ Kf7 29. d4 cxd4 30. cxd4 Rc2 31. Ra1 Qe8 32. Ra7+ Ne7 33. Qf4 Kg7 34. Qd6 Kf7 35. Rb7 Qf8 36. Qc7 Be4 37. Qf4 Bxf3+ 38. Nxf3 c5 39. Ng5+ 1-0

[Event "Geneve op"]
[Site "Geneve"]
[Date "2007.01.27"]
[Round "8"]
[White "Kovacevic, Vladimir"]
[Black "Domont, Alexandre"]
[Result "0-1"]
[WhiteElo "2277"]
[BlackElo "2350"]
[PlyCount "106"]
[EventDate "2007.01.20"]
[EventType "swiss"]
[EventRounds "9"]
[EventCountry "SUI"]
[SourceTitle "CBM 116 Extra"]
[Source "ChessBase"]
[SourceDate "2007.03.07"]
[SourceVersion "1"]
[SourceVersionDate "2007.03.07"]
[SourceQuality "1"]

1. d4 d5 2. c4 c6 3. cxd5 cxd5 4. Nc3 Nf6 5. Bg5 Ne4 6. Nxe4 dxe4 7. a3 Qd5 8. Bh4 e3 9. fxe3 Nc6 10. Nf3 g6 11. Rc1 Bg7 12. Qc2 Bf5 13. Qc5 Qd7 14. e4 Bxe4 15. e3 0-0 16. Rd1 Rac8 17. Be2 Rfd8 18. Qb5 Bh6 19. Bf2 a6 20. Qb6 Qg4 21. 0-0 Rd6 22. h3 Qd7 23. Qb3 e6 24. Rc1 Bd5 25. Qc2 Ne7 26. Qd2 f6 27. Rxc8+ Qxc8 28. Rc1 Rc6 29. Rc3 Nf5 30. g4 Nd6 31. Qc1 Rxc3 32. bxc3 Bc4 33. Bxc4 Qxc4 34. g5 Qd5 35. e4 Bxg5 36. exd5 Bxc1 37. dxe6 Bxa3 38. Nd2 Bc1 39. Nb3 Bb2 40. Nc5 Bxc3 41. d5 a5 42. Na4 Bb4 43. Bb6 Nc8 44. Bd4 Ne7 45. Nb6 Nf5 46. Bf2 Kf8 47. Kf1 Ke7 48. Ke2 Kd6 49. Kd3 Bc5 50. e7 Ng7 51. Bg3+ Kxe7 52. d6+ Kd8 53. Nd5 Nf5 0-1

[Event "Geneve op"]
[Site "Geneve"]
[Date "2007.01.25"]
[Round "6"]
[White "Kovacevic, Vladimir"]
[Black "Raetsky, Alexander"]
[Result "0-1"]
[WhiteElo "2277"]
[BlackElo "2417"]
[PlyCount "105"]
[EventDate "2007.01.20"]
[EventType "swiss"]
[EventRounds "9"]
[EventCountry "SUI"]
[SourceTitle "CBM 116 Extra"]
[Source "ChessBase"]
[SourceDate "2007.03.07"]
[SourceVersion "1"]
[SourceVersionDate "2007.03.07"]
[SourceQuality "1"]

1. d4 d5 2. Nf3 Nc6 3. Bf4 Bg4 4. e3 e6 5. h3 Bxf3 6. Qxf3 Bd6 7. c3 Nf6 8. Bb5 Ne4 9. Qe2 0-0 10. 0-0 Ne7 11. Bd3 f5 12. f3 Bxf4 13. fxe4 Bh6 14. e5 c5 15. Nd2 Qb6 16. Nf3 g6 17. Rab1 Rac8 18. g3 Nc6 19. Rfe1 Rf7 20. h4 cxd4 21. exd4 Qd8 22. Kf2 Na5 23. Rg1 Nc4 24. Qc2 Kh8 25. Rh1 a6 26. Qa4 Rc6 27. Qd1 b5 28. Bxc4 Rxc4 29. Qb3 Rb7 30. Qa3 Rc6 31. Qb3 a5 32. a4 b4 33. cxb4 Rxb4 34. Qd1 Qb6 35. Re1 Rxb2+ 36. Rxb2 Qxb2+ 37. Re2 Qb4 38. Qa1 Rc3 39. Qa2 Qa3 40. Qxa3 Rxa3 41. Rc2 Rxa4 42. Rc6 Ra2+ 43. Ke1 a4 44. Rxe6 Bf8 45. Re8 Kg7 46. Rb8 a3 47. Rb7+ Kg8 48. Kd1 Rg2 49. Rb8 Rxg3 50. Ke2 Rg2+ 51. Ke3 Rb2 52. Ra8 a2 53. Ng5 0-1

[Event "Geneve op2"]
[Site "Geneve"]
[Date "2005.04.02"]
[Round "4"]
[White "Kovacevic, Vladimir"]
[Black "Huss, Andreas"]
[Result "0-1"]
[WhiteElo "2236"]
[BlackElo "2314"]
[PlyCount "138"]
[EventDate "2005.03.31"]
[EventType "swiss"]
[EventRounds "7"]
[EventCountry "SUI"]
[SourceTitle "CBM 105 Extra"]
[Source "ChessBase"]
[SourceDate "2005.05.01"]
[SourceVersion "1"]
[SourceVersionDate "2005.05.01"]
[SourceQuality "1"]

1. e4 e6 2. d4 d5 3. Nc3 Bb4 4. e5 Qd7 5. a3 Bxc3+ 6. bxc3 b6 7. Qg4 f5 8. Qg3 Ba6 9. Bxa6 Nxa6 10. a4 Nb8 11. Ba3 Nc6 12. Nf3 Na5 13. Nd2 Kf7 14. Bb4 Nc4 15. Nxc4 dxc4 16. a5 Ne7 17. Bxe7 Qxe7 18. Qf3 Qd7 19. Qh5+ Kg8 20. 0-0 h6 21. f4 Kh7 22. Qf3 b5 23. h3 Rhd8 24. Kh2 Qd5 25. Qe3 Rg8 26. g4 Raf8 27. g5 hxg5 28. fxg5 Kg6 29. Rf4 Rh8 30. Kg3 Rh5 31. h4 Rfh8 32. Raf1 a6 33. Qf2 Rf8 34. Qf3 Qxf3+ 35. Kxf3 Rfh8 36. Kg3 Rd8 37. R1f2 Rd5 38. Re2 Rh8 39. Kf3 Kh5 40. Re1 Rhd8 41. Rb1 c5 42. dxc5 Rxc5 43. Rd4 Rdd5 44. Rbd1 Rxe5 45. Rd7 Re4 46. Rxg7 Rxh4 47. g6 Kg5 48. Rg1+ Rg4 49. Rxg4+ fxg4+ 50. Kg3 Rf5 51. Re7 Rf3+ 52. Kg2 Kxg6 53. Rxe6+ Kf5 54. Rxa6 Rxc3 55. Rb6 Rxc2+ 56. Kg3 Rc3+ 57. Kg2 Rb3 58. a6 Kf4 59. Rf6+ Ke5 60. Rb6 Kd4 61. Rg6 Kc5 62. Rxg4 Ra3 63. Rg6 Kb4 64. Kf2 Kb3 65. Ke2 b4 66. Rc6 Ra2+ 67. Ke3 c3 68. Kd4 c2 69. Kd3 Rxa6 0-1

[Event "Geneve op"]
[Site "Geneve"]
[Date "2003.04.27"]
[Round "6.7"]
[White "Kovacevic, Vladimir"]
[Black "Raetsky, Alexander"]
[Result "0-1"]
[WhiteElo "2256"]
[BlackElo "2461"]
[PlyCount "138"]
[EventDate "2003.04.24"]
[EventType "swiss"]
[EventRounds "7"]
[EventCountry "SUI"]
[SourceTitle "EXT 2004"]
[Source "ChessBase"]
[SourceDate "2003.11.25"]
[SourceVersion "1"]
[SourceVersionDate "2003.11.25"]
[SourceQuality "1"]

1. d4 d5 2. c4 dxc4 3. Nc3 a6 4. Nf3 Nf6 5. e3 b5 6. a4 b4 7. Nb1 c5 8. Bxc4 e6 9. 0-0 cxd4 10. exd4 Bb7 11. Bg5 Be7 12. Nbd2 0-0 13. Qe2 Nbd7 14. Rfe1 Nd5 15. Be3 a5 16. Nb3 Qb8 17. Bd2 Nf4 18. Qe3 Nd5 19. Qe2 Rd8 20. Ne5 Nxe5 21. dxe5 Nb6 22. Bb5 Bd5 23. Nc1 Qb7 24. Be3 Bxg2 25. Qg4 Bf3 26. Qh3 Bc6 27. Bd3 g6 28. Bxb6 Qxb6 29. Nb3 Ra7 30. Be4 Bxe4 31. Rxe4 Rad7 32. Rae1 Rd5 33. Qf3 Qc7 34. Kg2 h5 35. Rc1 Qd7 36. Rec4 Kg7 37. Nd4 Rc5 38. Nb5 Rxc4 39. Rxc4 Qd2 40. Rf4 Rf8 41. b3 Bc5 42. Rc4 Qg5+ 43. Qg3 Qe7 44. Qf4 Bb6 45. Rc6 Bd8 46. f3 Qd7 47. Rd6 Qc8 48. Qc4 Qxc4 49. bxc4 Bg5 50. Rd4 Be3 51. Re4 Bc5 52. Kf1 Rd8 53. Ke2 g5 54. h4 Kg6 55. hxg5 Kxg5 56. Nd6 Bxd6 57. exd6 Rxd6 58. Re5+ f5 59. Rxa5 Rc6 60. Kd3 Kf4 61. c5 h4 62. Kc4 e5 63. Rb5 Rh6 64. Rb6 Rh8 65. Kd5 h3 66. Rxb4+ Kxf3 67. Kxe5 h2 68. Rb3+ Kg4 69. Rb4+ Kg5 0-1

[Event "Geneve op"]
[Site "Geneve"]
[Date "2003.04.25"]
[Round "3.8"]
[White "Berzinsh, Roland"]
[Black "Kovacevic, Vladimir"]
[Result "1/2-1/2"]
[WhiteElo "2439"]
[BlackElo "2256"]
[PlyCount "94"]
[EventDate "2003.04.24"]
[EventType "swiss"]
[EventRounds "7"]
[EventCountry "SUI"]
[SourceTitle "EXT 2004"]
[Source "ChessBase"]
[SourceDate "2003.11.25"]
[SourceVersion "1"]
[SourceVersionDate "2003.11.25"]
[SourceQuality "1"]

1. e4 e6 2. d4 d5 3. Nc3 Bb4 4. e5 Ne7 5. a3 Bxc3+ 6. bxc3 c5 7. Nf3 b6 8. Bb5+ Bd7 9. Bd3 Ba4 10. h4 h6 11. h5 Qc7 12. 0-0 c4 13. Be2 Nbc6 14. Nh4 0-0-0 15. Bg4 Qd7 16. g3 Rdg8 17. Re1 Nd8 18. Ra2 g6 19. Ng2 Nf5 20. Bf4 Ng7 21. Qd2 Rh7 22. Bxh6 Nxh5 23. Bg5 Rgh8 24. Ne3 Ng7 25. Bf3 Ne8 26. Ng4 Nc6 27. Raa1 Ne7 28. Nf6 Nxf6 29. Bxf6 Rf8 30. Bg4 Qe8 31. Rab1 Ng8 32. Bg5 Kb7 33. Rb4 Bd7 34. Rbb1 f6 35. exf6 Nxf6 36. Bxf6 Rxf6 37. f4 Qh8 38. Qg2 g5 39. fxg5 Rg6 40. Re5 Qg8 41. Rf1 Rhg7 42. Rf4 Rxg5 43. Rxg5 Rxg5 44. Qf3 Ka6 45. Rf8 Qg6 46. Rf6 Qg8 47. Rf8 Qg6 1/2-1/2

[Event "CRO-Cup"]
[Site "Pula"]
[Date "1999.05.24"]
[Round "1"]
[White "Mazuran, Marijan"]
[Black "Kovacevic, Vladimir"]
[Result "0-1"]
[WhiteElo "2246"]
[BlackElo "2250"]
[PlyCount "64"]
[EventDate "1999.05.??"]
[EventType "team"]
[EventRounds "5"]
[EventCountry "CRO"]
[SourceTitle "CBM 070 Extra"]
[Source "ChessBase"]
[SourceDate "1999.07.10"]
[SourceVersion "1"]
[SourceVersionDate "1999.07.10"]
[SourceQuality "1"]

1. d4 e6 2. c4 d5 3. Nc3 Bb4 4. Qb3 Nc6 5. Nf3 Nf6 6. Bg5 dxc4 7. Qxc4 h6 8. Bxf6 Qxf6 9. a3 Bd6 10. Ne4 Qe7 11. g3 0-0 12. Bg2 e5 13. Nxd6 cxd6 14. dxe5 dxe5 15. 0-0 Be6 16. Qb5 e4 17. Nd2 f5 18. e3 Rad8 19. Rfd1 Rd5 20. Qe2 Rfd8 21. Nf1 Qd6 22. Rxd5 Qxd5 23. g4 Ne5 24. gxf5 Bxf5 25. Ng3 Nf3+ 26. Kh1 Bg6 27. Rc1 h5 28. Qc2 Kh7 29. Ne2 Qg5 30. Qc7 Rd2 31. Nf4 Rxf2 32. Rg1 Nxg1 0-1

[Event "Kastel Stari op"]
[Site "Kastel Stari"]
[Date "1997.??.??"]
[Round "8"]
[White "Kovacevic, Vladimir"]
[Black "Stevic, Hrvoje"]
[Result "1/2-1/2"]
[WhiteElo "2255"]
[BlackElo "2400"]
[PlyCount "84"]
[EventDate "1997.04.11"]
[EventType "swiss"]
[EventRounds "9"]
[EventCountry "CRO"]
[SourceTitle "EXT 1999"]
[Source "ChessBase"]
[SourceDate "1998.11.16"]
[SourceVersion "1"]
[SourceVersionDate "1998.11.16"]
[SourceQuality "1"]

1. c4 c5 2. g3 Nc6 3. Bg2 g6 4. Nc3 Bg7 5. e3 Nf6 6. Nge2 0-0 7. b3 d6 8. 0-0 Bd7 9. d4 a6 10. Bb2 Rb8 11. Qd2 Qa5 12. Rfd1 Rfd8 13. dxc5 dxc5 14. Nd5 Qxd2 15. Rxd2 Nxd5 16. cxd5 Bxb2 17. Rxb2 Ne5 18. h3 c4 19. f4 Nd3 20. Rd2 b5 21. Nd4 Rbc8 22. bxc4 bxc4 23. Nc6 Re8 24. Rb1 e6 25. Rb7 Nc5 26. dxe6 Rxe6 27. Rbxd7 Nxd7 28. Rxd7 Rexc6 29. Bxc6 Rxc6 30. Rd2 f5 31. Kf2 Kf7 32. Ke2 h5 33. Rd5 Rb6 34. Kf3 Rb2 35. Rc5 Rxa2 36. Rxc4 Ra3 37. Rc5 Kf6 38. Rd5 a5 39. Rd6+ Kf7 40. Ra6 Kg7 41. Re6 Kf7 42. Re5 Ra2 1/2-1/2

[Event "Kastel Stari op"]
[Site "Kastel Stari"]
[Date "1997.??.??"]
[Round "7"]
[White "Zelic, Zdravko"]
[Black "Kovacevic, Vladimir"]
[Result "1/2-1/2"]
[WhiteElo "2365"]
[BlackElo "2255"]
[PlyCount "25"]
[EventDate "1997.04.11"]
[EventType "swiss"]
[EventRounds "9"]
[EventCountry "CRO"]
[SourceTitle "EXT 1999"]
[Source "ChessBase"]
[SourceDate "1998.11.16"]
[SourceVersion "1"]
[SourceVersionDate "1998.11.16"]
[SourceQuality "1"]

1. e4 Nf6 2. e5 Nd5 3. d4 d6 4. Nf3 Bg4 5. Be2 e6 6. 0-0 Be7 7. h3 Bh5 8. c4 Nb6 9. Be3 0-0 10. Nc3 d5 11. c5 Bxf3 12. gxf3 N6d7 13. f4 1/2-1/2

[Event "Zadar op"]
[Site "Zadar"]
[Date "1995.??.??"]
[Round "?"]
[White "Kovacevic, Vladimir"]
[Black "Kutuzovic, Branko"]
[Result "1-0"]
[WhiteElo "2265"]
[BlackElo "2375"]
[PlyCount "75"]
[EventDate "1995.12.??"]
[EventType "swiss"]
[EventRounds "9"]
[EventCountry "CRO"]
[SourceTitle "EXT 2000"]
[Source "ChessBase"]
[SourceDate "1999.11.16"]
[SourceVersion "1"]
[SourceVersionDate "1999.11.16"]
[SourceQuality "1"]

1. d4 Nf6 2. Nf3 e6 3. e3 c5 4. Bd3 Nc6 5. 0-0 Be7 6. b3 cxd4 7. exd4 0-0 8. a3 b6 9. Re1 Bb7 10. Nbd2 Rc8 11. Bb2 Re8 12. Rc1 Bf8 13. c4 d5 14. c5 a5 15. Bb5 Nd7 16. b4 axb4 17. Bxc6 Bxc6 18. axb4 Qc7 19. Nf1 Qb7 20. Bc3 Bb5 21. Ne3 Nb8 22. h4 f6 23. h5 Qf7 24. Nh4 Nc6 25. g3 bxc5 26. bxc5 Ra8 27. Rb1 Ba4 28. Qf3 f5 29. Ra1 g5 30. hxg6 hxg6 31. Qf4 Bg7 32. Nf3 Qf6 33. Nxd5 exd5 34. Rxe8+ Rxe8 35. Rxa4 Qd8 36. Ra6 Qd7 37. Qd6 Qxd6 38. cxd6 1-0

[Event "CRO-chT"]
[Site "Pula"]
[Date "1993.??.??"]
[Round "1"]
[White "Gyorkos, Lajos"]
[Black "Kovacevic, Vladimir"]
[Result "1/2-1/2"]
[WhiteElo "2435"]
[BlackElo "2265"]
[PlyCount "85"]
[EventDate "1993.??.??"]
[EventType "team"]
[EventRounds "9"]
[EventCountry "CRO"]
[SourceTitle "EXT 1999"]
[Source "ChessBase"]
[SourceDate "1998.11.16"]
[SourceVersion "1"]
[SourceVersionDate "1998.11.16"]
[SourceQuality "1"]

1. Nf3 d5 2. g3 c6 3. Bg2 Bg4 4. d3 e6 5. c4 dxc4 6. dxc4 Qxd1+ 7. Kxd1 Nd7 8. Nbd2 Ngf6 9. h3 Bf5 10. g4 Bg6 11. Nh4 e5 12. b3 0-0-0 13. Nxg6 hxg6 14. Kc2 Be7 15. Bb2 Ne8 16. Nf3 f6 17. Rad1 Nc7 18. e3 Nc5 19. Rxd8+ Rxd8 20. Nh4 Nd3 21. Bc3 Na6 22. Nxg6 Ba3 23. Bf3 Nab4+ 24. Kb1 Nxf2 25. Rh2 Nfd3 26. Rd2 Na6 27. Rd1 Bc5 28. h4 Kc7 29. Be2 Nf2 30. Rxd8 Kxd8 31. Bd2 Ne4 32. Kc2 Nb4+ 33. Bxb4 Bxb4 34. Bd3 Nc5 35. Bf5 Ke8 36. g5 Kf7 37. e4 a5 38. h5 fxg5 39. Nxe5+ Kf6 40. Ng4+ Ke7 41. Ne5 Kf6 42. Ng4+ Ke7 43. Ne5 1/2-1/2

[Event "CRO-chT"]
[Site "Pula"]
[Date "1993.??.??"]
[Round "9"]
[White "Kovacevic, Vladimir"]
[Black "Marinkovic, Stjepko"]
[Result "1-0"]
[WhiteElo "2265"]
[BlackElo "2375"]
[PlyCount "68"]
[EventDate "1993.??.??"]
[EventType "team"]
[EventRounds "9"]
[EventCountry "CRO"]
[SourceTitle "EXT 1999"]
[Source "ChessBase"]
[SourceDate "1998.11.16"]
[SourceVersion "1"]
[SourceVersionDate "1998.11.16"]
[SourceQuality "1"]

1. d4 d5 2. Nf3 Nf6 3. e3 c5 4. Nbd2 Nc6 5. Bb5 Qb6 6. c4 e6 7. 0-0 Bd7 8. Nb3 dxc4 9. Bxc4 cxd4 10. exd4 Nb4 11. Qe2 Be7 12. Ne5 Bc8 13. Bb5+ Nc6 14. Be3 Nd5 15. Rfc1 Bd7 16. Nxd7 Kxd7 17. Nc5+ Bxc5 18. dxc5 Qc7 19. Rd1 Rae8 20. Qg4 Kc8 21. Qxg7 Rhg8 22. Qh6 Rg6 23. Qh3 f5 24. Bc4 Nf6 25. f3 Ne5 26. Bb3 Qc6 27. Kh1 Nfg4 28. Rd6 Qc7 29. fxg4 Nxg4 30. Rf1 Qg7 31. Bg1 Qxb2 32. c6 Rh6 33. cxb7+ Kb8 34. Qg3 e5 1-0

[Event "Makarska"]
[Site "Makarska"]
[Date "1993.??.??"]
[Round "?"]
[White "Mestrovic, Zvonimir"]
[Black "Kovacevic, Vladimir"]
[Result "1/2-1/2"]
[WhiteElo "2415"]
[BlackElo "2265"]
[PlyCount "145"]
[EventDate "1993.??.??"]
[EventType "tourn"]
[EventRounds "9"]
[EventCountry "CRO"]
[EventCategory "4"]
[SourceTitle "EXT 1997"]
[Source "ChessBase"]
[SourceDate "1996.11.15"]
[SourceVersion "1"]
[SourceVersionDate "1996.11.15"]
[SourceQuality "1"]

1. Nc3 d5 2. e4 e6 3. g3 Nf6 4. Bg2 Nxe4 5. Nxe4 dxe4 6. Bxe4 c5 7. d3 Be7 8. Be3 Nd7 9. Bg2 Nf6 10. Nf3 Nd5 11. Bd2 Bf6 12. c4 Ne7 13. Bc3 Nc6 14. 0-0 0-0 15. Re1 Rb8 16. Qe2 b6 17. Rad1 Ba6 18. Ne5 Nxe5 19. Bxe5 Bxe5 20. Qxe5 Qd7 21. a3 Rbd8 22. b4 Qd4 23. Qh5 g6 24. Qg5 Kg7 25. Re4 h6 26. Qc1 Qd6 27. Re3 Rfe8 28. h4 Re7 29. h5 g5 30. Rde1 Bb7 31. bxc5 bxc5 32. Qc3+ Qd4 33. Qa5 Bxg2 34. Kxg2 Red7 35. Rf3 Kg8 36. a4 Qd6 37. Kh2 Qc7 38. Qxc7 Rxc7 39. Rb1 f5 40. Re3 Kf7 41. Rb3 Kf6 42. a5 g4 43. Kg2 Rg8 44. Re1 Rd7 45. a6 Rgg7 46. Ra1 Kg5 47. Ra5 Rc7 48. Rbb5 Rgd7 49. Rxc5 Rxc5 50. Rxc5 Rd6 51. Rc7 Rxa6 52. d4 Kxh5 53. d5 exd5 54. cxd5 Kg5 55. d6 Kf6 56. Rh7 Ke5 57. d7 Rd6 58. d8Q Rxd8 59. Rxa7 Kf6 60. Ra5 Re8 61. Rb5 h5 62. Ra5 Rb8 63. Rc5 Rb2 64. Rc6+ Kg5 65. Rc8 Rb6 66. Rc5 Rf6 67. Rc8 h4 68. Rg8+ Kh5 69. gxh4 Kxh4 70. f4 Kh5 71. Kg3 Kh6 72. Rg5 Kh7 73. Kg2 1/2-1/2

[Event "CRO-chT"]
[Site "Pula"]
[Date "1992.??.??"]
[Round "9"]
[White "Kovacevic, Vladimir"]
[Black "Nikolac, Juraj"]
[Result "1-0"]
[WhiteElo "2265"]
[BlackElo "2460"]
[PlyCount "73"]
[EventDate "1992.??.??"]
[EventType "team"]
[EventRounds "9"]
[EventCountry "CRO"]
[SourceTitle "EXT 2002"]
[Source "ChessBase"]
[SourceDate "2001.11.25"]
[SourceVersion "1"]
[SourceVersionDate "2001.11.25"]
[SourceQuality "1"]

1. d4 Nf6 2. Nf3 g6 3. Bg5 Bg7 4. e3 c5 5. c3 b6 6. Nbd2 0-0 7. Bxf6 exf6 8. dxc5 bxc5 9. Nb3 Qb6 10. Qd5 Na6 11. 0-0-0 Rb8 12. Bxa6 Qxa6 13. Nxc5 Qb6 14. Rd2 f5 15. Ne5 Qc7 16. f4 Rb5 17. b4 a5 18. a3 axb4 19. axb4 Rb6 20. Nexd7 Bxc3 21. Nxb6 Bxd2+ 22. Qxd2 Qxb6 23. Rd1 Re8 24. g3 Be6 25. Qc3 Rb8 26. Rd4 Qc6 27. Qd2 Qh1+ 28. Kb2 Kg7 29. Rd6 Ra8 30. Ra6 Rxa6 31. Nxa6 Kh6 32. Nc5 Bc4 33. Nd7 Qa8 34. Qd6 Qa2+ 35. Kc3 Qb3+ 36. Kd4 Qd3+ 37. Kc5 1-0